Presidents of Brazil (Brasil) Quiz Stats

 Plays Quiz not verified by Sporcle

Score 0/39 Timer 10:00
0 Plays Today
Year % Correct
1995-2003Fernando Henrique Cardoso
90.6%
1930-1945Getúlio Vargas
88.9%
1951-1954Getúlio Vargas
88.9%
1990-1992Fernando Collor
87.6%
2003-Luís Inácio Lula da Silva
83.2%
Died before taking office. (Faleceu antes de assumir.)Tancredo Neves
79.2%
1992-1995Itamar Franco
78.6%
1985-1990José Sarney
78.2%
1889-1891Deodoro da Fonseca
78%
1961-1964João Goulart
74.4%
1956-1961Juscelino Kubitschek
74.2%
1961Jânio Quadros
72.1%
1964-1967Humberto de Alencar Castelo Branco
66.7%
1969-1974Emílio Médici
66.5%
1891-1894Floriano Peixoto
63.1%
1979-1985João Figueiredo
61%
1974-1979Ernesto Beckmann Geisel
59.3%
1967-1969Artur da Costa e Silva
58.5%
1946-1951Eurico Gaspar Dutra
50.3%
1954-1955Café Filho
47.8%
Year % Correct
1926-1930Washington Luís
47.6%
1910-1914Hermes da Fonseca
43%
1894-1898Prudente de Morais
37.9%
Elected but never took office. (Eleito mas nunca tomou posse.)Júlio Prestes
35.2%
1902-1906Rodrigues Alves
34.8%
Died before taking office. (Faleceu antes de assumir.)Rodrigues Alves
34.8%
1906-1909Afonso Pena
32.1%
1898-1902Campos Sales
31.2%
1909-1910Nilo Peçanha
28.5%
1914-1918Vencesláu Brás
27.7%
1919-1922Epitácio Pessoa
27.3%
1922-1926Artur Bernardes
26.6%
1961Ranieri Mazzilli
25%
1964Ranieri Mazzilli
25%
1955Carlos Luz
24.5%
1955-1956Nereu Ramos
22.6%
1918-1919Delfim Moreira
21.2%
1945-1946José Linhares
16.1%
1930Junta Militar
13.7%

You're not logged in!

Compare scores with friends on all Sporcle quizzes.
OR
Log In

Show Comments

Extras

Top Quizzes Today


Score Distribution

Your Account Isn't Verified!

In order to create a playlist on Sporcle, you need to verify the email address you used during registration. Go to your Sporcle Settings to finish the process.

Report this User

Report this user for behavior that violates our Community Guidelines.

Details: